LEADER 02710nab a2200385 i 4500 001 000000270115 003 CaOOAMICUS 005 20081215000000.0 008 081215n xx uu u0 0und r 013 $a16270 040 $aSeMil$bita 245 10$aNatale 2008 :$bamore e povertà. - 32 p. - Titolo dalla copertina. 500 $aDICEMBRE 2008. 773 0 $t[2007-2008].$dMilano : ITL, 2007-2008.$w()157496 774 0 $tMoneta autentica. - In [rubrica].$w()322250 774 0 $tPovertà evangelica del presbitero al servizio della Chiesa. - In [rubrica].$w()322251 774 0 $t«Beati voi poveri». Un esercizio di vocabolario per scrivere l'elogio dei preti. - In [rubrica].$w()322252 774 0 $tPovertà che genera la carità. - In [rubrica].$w()322253 774 0 $tEducarsi ad uno sguardo libero. - in [rubrica].$w()322254 774 0 $tDi sorpresa in sorpresa... e di affidamento in affidamento - In [rubrica].$w()322255 774 0 $tChi ci sostiene è Gesù. - In [rubrica].$w()322256 774 0 $tDiaconato, un compito per la Chiesa italiana. - In [rubrica].$w()322257 774 0 $tLuce vera del mondo. - In [rubrica].$w()322258 774 0 $tLuce brilla nelle tenebre. - In [rubrica].$w()322259 774 0 $tNecessità della lotta. - In [rubrica].$w()322260 774 0 $tAmiche del Seminario. - In [rubrica].$w()322261 774 0 $t«Perchè la mia gioia sia in voi e la vostra gioia sia piena». - In [rubrica].$w()322262 774 0 $tComunità Propedeutica e del Biennio Teologico. In visita al Castello sforzesco. Nella Pietà Rondanini c'è una profonda unione tra Madre e Figlio, tra Dio e l'uomo. - In [rubrica].$w()322263 774 0 $tQuadriennio Teologico. Le uscite di classe e l'istituzione di venti nuovi accoliti. Mons. Stucchi agli accoliti: «L'Eucaristia è il vero pane che sostiene il cammino dell'uomo»... - In [rubrica].$w()322264 774 0 $tComunità Propedeutica e del Biennio Teologico. Quando l'abuso delle nuove tecnologie diventa dipendenza. Potenzialità e rischi nell'utilizzo di cellulari, videogiochi ed Internet. - In [rubrica].$w()322265 774 0 $tLettere dell'Epiro. I progressi della scienza.$w()322266 774 0 $tNuove Scuole di Teologia per laici. - In [rubrica].$w()322267 774 0 $tRichiami del card. Litta ai superiori del Seminario. - In [rubrica].$w()322268 774 0 $tDon Aurelio Orlandi (?-2008) ; Don Piero Sessa (?-2008) ; Don Gino Citterio (1921-2008 ; Don Gaetano Martinelli (1952-2008) ; Mons. Piero Zerbi ( 1922-2008) ; Giovanna Papetti Cernuschi (?-2008). - In [rubrica].$w()322269 996 $6245$aNatale 2008 :$bamore e povertà. - 32 p. - Titolo dalla copertina.$9(OLS)http://semarc/title/359351 LEADER 00790nam a2200205 i 4500 001 000000014767 003 CaOOAMICUS 005 20180830125442.0 008 180830s1976 it u000 u ita u 040 $aSeMil$bita 100 1 $aBotto, Evandro.$0(OLS)http://semarc/name/6911 245 13$aIl Neomarxismo /$cEvandro Botto. 260 $aRoma :$bStudium,$c1976. 300 $a2 v. ;$c17 cm. 650 4$aMarxismo.$0(OLS)http://semarc/subject/494 773 0 $tNuova universale Studium.$dRoma : Studium, [197?]$w()3440 774 0 $aBotto, Evandro$t[1].$kNuova universale Studium$g1$w()145243 774 0 $aBotto, Evandro$t[2].$kNuova universale Studium$g2$w()145244 996 $6245$aIl Neomarxismo$9(OLS)http://semarc/title/19571 996 $6260$aRoma :$bStudium$9(OLS)http://semarc/publisher/29617 LEADER 00900nam a2200229 i 4500 001 000000043470 003 CaOOAMICUS 005 20090817000000.0 008 090817s1970 gw u000 u ger u 013 $a14640 040 $aSeMil$bita 100 1 $aKüng, Hans,$d<1928-2021>.$0(OLS)http://semarc/name/175 245 10$aUnfehlbar? :$beine Anfrage /$cHans Küng. 250 $a2. Aufl. 260 $aEinsiedeln [etc.] :$bBenziger,$c1970. 300 $a203 p. ;$c21 cm. 650 4$aChiesa - Magistero - Infallibilità.$0(OLS)http://semarc/subject/7725 650 4$aChiesa cattolica - Infallibilità.$0(OLS)http://semarc/subject/7726 850 $aSeMil 852 $aSeMil$W1$xVenegono$y1$m2B II 297$j9625$B9625$CSeMilBibl$Z2$F9625 $81 996 $6245$aUnfehlbar? :$beine Anfrage$9(OLS)http://semarc/title/63885 996 $6260$aEinsiedeln [etc.] :$bBenziger$9(OLS)http://semarc/publisher/31237 LEADER 01538nam a2200265 i 4500 001 000000055694 003 CaOOAMICUS 005 20240206111901.0 008 970710n it u000 u ita u 040 $aSeMil$bita 100 1 $aSerenthà, Mario <1945-2013>.$0(OLS)http://semarc/name/21994 245 14$aGli inizi della Teologia della Chiesa locale :$b`De l'Eglise et de sa divine constitution' (1885) di dom A. Gréa, un "hapax dans la théologie de l'époque" (Y. Congar) /$cSerenthà Mario. 264 1$aMilano :$b[s.n.],$c[1973] 300 $a59 p. ;$c22 cm 500 $aA piè del front.: estratto della tesi di laurea discussa nella Facoltà teologica interregionale di Milano. -- Tesi di laurea n. 5 650 4$aChiesa - Teologia.$0(OLS)http://semarc/subject/4350 650 4$aChiesa locale.$0(OLS)http://semarc/subject/6605 650 4$aGréa, Marie Étienne Adrien - Ecclesiologia.$0(OLS)http://semarc/subject/27711 650 4$aTesi di laurea.$0(OLS)http://semarc/subject/1690 710 0 $aFacoltà Teologica Interregionale .$0(OLS)http://semarc/name/291 850 $aSeMil 852 $aSeMil$W1$xVenegono$y1$m2I III 86$j21848$B21848$CSeMilBibl$Z2$F21850 $81 996 $6245$aGli inizi della Teologia della Chiesa locale :$b`De l'Eglise et de sa divine constitution' (1885) di dom A. Gréa, un "hapax dans la théologie de l'époque" (Y. Congar)$9(OLS)http://semarc/title/86434 996 $6264$aMilano :$b[s.n.]$9(OLS)http://semarc/publisher/29709 LEADER 00559nab a2200145 i 4500 001 000000315229 003 CaOOAMICUS 005 20180831173146.0 008 180831n xx uu u0 0und r 013 $a24316 040 $aSeMil$bita 100 1 $aCitrini, Tullio <1942- >.$0(OLS)http://semarc/name/89721 245 10$a[RECENSIONE: Citrini..., «Ad solam enim catholicam ecclesiam ea p...,1970]. 773 0 $t[Gennaio-Dicembre].$g419-420$w()274268 996 $6245$a[RECENSIONE: Citrini..., «Ad solam enim catholicam ecclesiam ea p...,1970]$9(OLS)http://semarc/title/389283